|
|
|
|
| LEADER |
00000naa2a2200000 4500 |
| 001 |
610057 |
| 005 |
20260331141308.0 |
| 035 |
|
|
|a (RuTPU)RU\TPU\conf\7638
|
| 035 |
|
|
|a RU\TPU\conf\7633
|
| 090 |
|
|
|a 610057
|
| 100 |
|
|
|a 20141223d2012 k y0rusy50 ca
|
| 101 |
0 |
|
|a rus
|
| 102 |
|
|
|a RU
|
| 135 |
|
|
|a drcn ---uucaa
|
| 181 |
|
0 |
|a i
|
| 182 |
|
0 |
|a b
|
| 200 |
1 |
|
|a Создание автоматической системы наведения видеокамеры на основе интегрирования компьютерного зрения и микроконтроллера
|f Ю. С. Мороз, И. А. Тутов
|
| 203 |
|
|
|a Текст
|c электронный
|
| 225 |
1 |
|
|a Автоматизация и управление в технических системах
|
| 300 |
|
|
|a Заглавие с титульного экрана
|
| 320 |
|
|
|a [Библиогр.: с. 243 (4 назв.)]
|
| 337 |
|
|
|a Adobe Reader
|
| 463 |
|
0 |
|0 (RuTPU)RU\TPU\conf\6944
|t Молодежь и современные информационные технологии
|o сборник трудов X Международной научно-практической конференции студентов, аспирантов и молодых ученых, г. Томск, 13-16 ноября 2012 г.
|f Национальный исследовательский Томский политехнический университет (ТПУ) ; под ред. Е. А. Сикоры и др.
|v [С. 242-243]
|d 2012
|
| 610 |
1 |
|
|a труды учёных ТПУ
|
| 610 |
1 |
|
|a электронный ресурс
|
| 610 |
1 |
|
|a автоматические системы
|
| 610 |
1 |
|
|a видеокамеры
|
| 610 |
1 |
|
|a наведение
|
| 610 |
1 |
|
|a компьютерное зрение
|
| 610 |
1 |
|
|a микроконтроллеры
|
| 700 |
|
1 |
|a Мороз
|b Ю. С.
|
| 701 |
|
1 |
|a Тутов
|b И. А.
|c специалист в области автоматического управления
|c ассистент Томского политехнического университета
|f 1989-
|g Иван Андреевич
|3 (RuTPU)RU\TPU\pers\31573
|9 15733
|
| 712 |
0 |
2 |
|a Национальный исследовательский Томский политехнический университет (ТПУ)
|b Институт кибернетики (ИК)
|b Кафедра интегрированных компьютерных систем управления (ИКСУ)
|3 (RuTPU)RU\TPU\col\18701
|
| 801 |
|
2 |
|a RU
|b 63413507
|c 20160602
|g RCR
|
| 856 |
4 |
|
|u http://www.lib.tpu.ru/fulltext/c/2012/C04/095.pdf
|
| 942 |
|
|
|c BK
|